|
|
|
|
| LEADER |
00785pam a22002298a 4500 |
| 001 |
00021991 |
| 005 |
20171026081022.0 |
| 008 |
110527s1979 ||||||Viesd |
| 041 |
0 |
# |
|a Vie
|
| 082 |
1 |
4 |
|a 891.73
|b NG527TH
|
| 100 |
0 |
# |
|a Giexchiep.M
|
| 245 |
0 |
0 |
|a Người thừa kế
|b Truyện vừa
|c M.Giexchiep; Đỗ Vũ
|
| 260 |
# |
# |
|a H.
|b Thanh niên
|c 1979
|
| 300 |
# |
# |
|a 139 tr.
|c 19 cm.
|
| 650 |
# |
4 |
|a Văn học hiện đại Liên Xô
|
| 653 |
# |
# |
|a Truyện vừa
|
| 700 |
0 |
# |
|a Đỗ Vũ
|e Dịch
|
| 852 |
# |
# |
|b Kho mượn
|j KM.0010101, KM.0010102
|
| 852 |
# |
# |
|b Kho đọc
|j KD.0006476
|
| 852 |
# |
# |
|j KD.0006476
|j KM.0010102
|j KM.0010101
|
| 910 |
0 |
# |
|a Hoa Lê
|d 27/05/2011
|
| 980 |
# |
# |
|a Trung tâm Học liệu Lê Vũ Hùng, Trường Đại học Đồng Tháp
|